[Event "18th Pobeskydi Arcimpex"]
[Site "Frydek Mistek CZE"]
[Date "2007.04.09"]
[Round "9"]
[White "Plischki,S"]
[Black "Vesselovsky,S"]
[Result "1/2-1/2"]
[WhiteElo "2379"]
[BlackElo "2368"]

1.d4 Nf6 2.c4 e6 3.Nc3 Bb4 4.Qc2 O-O 5.a3 Bxc3+ 6.Qxc3 d6 7.Bg5 Nbd7 8.e3 b6
9.Ne2 Ba6 10.Qc2 c5 11.Rd1 Rc8 12.Nc3 cxd4  1/2-1/2

[Event "Reykjavik International"]
[Site "Reykjavik ISL"]
[Date "2007.04.15"]
[Round "5"]
[White "Ward,C"]
[Black "Thorfinnsson,Br"]
[Result "1-0"]
[WhiteElo "2456"]
[BlackElo "2384"]

1.d4 Nf6 2.c4 e6 3.Nc3 Bb4 4.Qc2 O-O 5.Bg5 c5 6.d5 exd5 7.cxd5 d6 8.O-O-O Bxc3
9.bxc3 b5 10.e4 b4 11.c4 Bg4 12.f3 Bh5 13.g4 Bg6 14.h4 h6 15.Bf4 Re8 16.Bd3 a5
17.h5 Bh7 18.g5 hxg5 19.Bxg5 Qe7 20.Qb2 Nbd7 21.h6 Qe5 22.Qxe5 Nxe5 23.Be2 Nfd7
24.hxg7 f5 25.f4 Nf7 26.Bh5 Nxg5 27.Bxe8 Rxe8 28.fxg5 Kxg7 29.Nf3 fxe4 30.Nh4 Ne5
31.Rdg1 Nxc4 32.g6 Bg8 33.Nf5+ Kf6 34.Rf1 Ke5 35.Rh5 Kxd5 36.g7 e3 37.Nxe3+ Kd4
38.Nc2+ Kd3 39.Rh3+ Ne3 40.Re1  1-0

[Event "Chess Classic Open"]
[Site "Gausdal NOR"]
[Date "2007.04.24"]
[Round "7"]
[White "Bromberger,S"]
[Black "Greet,A"]
[Result "1-0"]
[WhiteElo "2495"]
[BlackElo "2428"]

1.d4 Nf6 2.c4 e6 3.Nc3 Bb4 4.Qc2 O-O 5.a3 Bxc3+ 6.Qxc3 b6 7.Bg5 Bb7 8.e3 d6
9.Qd3 Nbd7 10.Ne2 c5 11.Nc3 Rc8 12.Rd1 Ba6 13.d5 h6 14.Bh4 Ne5 15.Qc2 Ng6
16.Bg3 e5 17.Qa4 Bb7 18.Qxa7 Rb8 19.Be2 Ne7 20.Qa4 Nf5 21.Qc2 Bc8 22.Bd3 g6
23.Bxf5 Bxf5 24.e4 Bd7 25.f4 Nh5 26.fxe5 Nxg3 27.hxg3 Qg5 28.Rd3 Qxe5 29.Qd2 b5
30.Qxh6 Qg7 31.Qxg7+ Kxg7 32.cxb5 Bxb5 33.Rd2 Bc4 34.Kd1 Rfe8 35.Rf2 Re5
36.Re1 Rbe8 37.Rf4 Rg5 38.Re3 Bxd5 39.Nxd5 Rxd5+ 40.exd5 Rxe3 41.Rf3 Re4
42.Kd2 f5 43.Kc3 Kf6 44.b4 cxb4+ 45.axb4 Re2 46.b5 Ke7 47.Kb4 Rxg2 48.b6 Kd7
49.Rc3 g5 50.Kb5 f4 51.gxf4 gxf4 52.Rc7+ Kd8 53.Kc6 Rc2+ 54.Kxd6 Rb2 55.Kc6 f3
56.Rf7 Rc2+ 57.Kd6 Kc8 58.Rxf3 Kb7 59.Kd7 Rh2 60.Rf6 Rh5 61.d6 Kxb6 62.Ke8 Re5+
63.Kd8 Kb7 64.d7 Re4 65.Rf1 Kb8 66.Rb1+ Ka7 67.Kc7 Rc4+ 68.Kd6 Rd4+ 69.Ke6  1-0

[Event "9th Open"]
[Site "Dubai UAE"]
[Date "2007.04.27"]
[Round "6"]
[White "Taleb,M"]
[Black "Ramaswamy,A"]
[Result "1/2-1/2"]
[WhiteElo "2386"]
[BlackElo "2281"]

1.d4 Nf6 2.c4 e6 3.Nc3 Bb4 4.Qc2 O-O 5.a3 Bxc3+ 6.Qxc3 d6 7.f3 c5 8.e3 Re8
9.dxc5 dxc5 10.b3 Nc6 11.Bb2 e5 12.Bd3 Be6 13.Ne2 a5 14.O-O a4 15.bxa4 Qa5
16.Qc2 e4 17.Bxe4 Nxe4 18.fxe4 f6 19.Ng3 Ne5 20.Bxe5 fxe5 21.Qb2 Qxa4 22.Nf5 Qc6
23.Qxe5 Bxf5 24.Qxf5 Qxe4 25.Qxc5 Qxe3+ 26.Qxe3 Rxe3 27.Rfb1 Ra7 28.Rb4 Rc3
29.a4 h6 30.Rab1 Rc2 31.h3 Ra5 32.Kh1 Kh7 33.Kh2 Kh8 34.Rd1 Rg5 35.Rg1 Rc5
36.Rxb7 R5xc4 37.Ra1 Rc6 38.Rb3 Ra6 39.a5 Rc5 40.Rba3 h5 41.R3a2 Kh7 42.Ra4 Re5
43.R4a3 Kh6 44.Kg3 Rf5 45.Kh2 Re5 46.R3a2 Rd5  1/2-1/2

[Event "I Open Casino"]
[Site "Lugano SUI"]
[Date "2007.04.29"]
[Round "1"]
[White "Vozza,N"]
[Black "Zelcic,R"]
[Result "0-1"]
[WhiteElo "1995"]
[BlackElo "2554"]

1.d4 Nf6 2.c4 e6 3.Nc3 Bb4 4.Qc2 O-O 5.a3 Bxc3+ 6.Qxc3 Ne4 7.Qc2 f5 8.e3 b6
9.Nh3 c5 10.f3 Nd6 11.dxc5 bxc5 12.b4 Nc6 13.Bb2 Qh4+ 14.g3 Qh6 15.Qc3 Bb7
16.Rd1 Nf7 17.Rxd7 Rab8 18.Bg2 Nce5 19.Rxb7 Rxb7 20.f4 cxb4 21.axb4 Rxb4
22.fxe5 Rxb2 23.Qxb2 Qxe3+ 24.Qe2 Qc3+ 25.Kf2 Rb8 26.Re1 Rb2 27.Qxb2 Qxb2+
28.Re2 Qd4+ 29.Ke1 Qxc4 30.Bf1 Nxe5 31.Nf4 Nf3+ 32.Kf2 Nxh2 33.Rxe6 Qxf1+  0-1

[Event "FSIM May"]
[Site "Budapest HUN"]
[Date "2007.05.05"]
[Round "1"]
[White "Titz,Hei"]
[Black "Sankalp,M"]
[Result "1-0"]
[WhiteElo "2240"]
[BlackElo "2164"]

1.c4 Nf6 2.Nc3 e6 3.d4 Bb4 4.Qc2 O-O 5.a3 Bxc3+ 6.Qxc3 b6 7.Bg5 Bb7 8.f3 h6
9.Bh4 d5 10.e3 Nbd7 11.Ne2 Ne4 12.Bxd8 Nxc3 13.Nxc3 Raxd8 14.cxd5 Bxd5 15.e4 Bb7
16.O-O-O c5 17.Bc4 cxd4 18.Rxd4 Ne5 19.Rhd1 Rxd4 20.Rxd4 Nxc4 21.Rxc4 Rc8
22.Rxc8+ Bxc8 23.Nb5 a6 24.Nd6 Bd7 25.Kd2 Kf8 26.Nc4 b5 27.Ne5 Ke7 28.Kc3 f6
29.Nd3 a5 30.Nc5 a4 31.Kd4 Bc8 32.e5 fxe5+ 33.Kxe5 Bd7 34.h4 h5 35.Ne4 Be8
36.Ng5 Bd7 37.Nh3 Be8 38.Nf4 Bf7 39.g4 g5 40.hxg5 h4 41.g6 Be8 42.g7 Kf7
43.Nxe6 Bc6 44.Kf4 Bd5 45.Nd4 Bc6 46.Nf5 h3 47.Kg3 h2 48.Kxh2 Bxf3 49.Kg3 Bd1
50.Kf4 Bb3 51.Ke5 Kg6 52.g8=Q+  1-0

[Event "FSIM May"]
[Site "Budapest HUN"]
[Date "2007.05.10"]
[Round "6"]
[White "Titz,Hei"]
[Black "Mueller,Marku1"]
[Result "1/2-1/2"]
[WhiteElo "2240"]
[BlackElo "2147"]

1.c4 Nf6 2.Nc3 e6 3.d4 Bb4 4.Qc2 O-O 5.a3 Bxc3+ 6.Qxc3 b6 7.Bg5 Ba6 8.Nf3 d6
9.e3 Nbd7 10.Be2 Rc8 11.Rd1 Ne4 12.Bxd8 Nxc3 13.bxc3 Rfxd8 14.Nd2 Kf8 15.f3 Ke7
16.Kf2 c5 17.Ra1 Nb8 18.d5 Bb7 19.e4 Nd7 20.a4 a5 21.Rab1 Re8 22.Rb2 Kd8
23.Rhb1 Kc7 24.Nf1 Rb8 25.Ne3 Ba6 26.Rd2 Nf8 27.g3 e5 28.Bf1 Bc8 29.Bd3 Ng6
30.Kg2 Rf8 31.Rf1 Bd7 32.Bc2 Rbe8 33.h4 Ne7 34.f4 f6 35.fxe5 fxe5 36.Rdf2 Rxf2+
37.Rxf2 Rg8 38.Bd1 Kd8 39.Rb2 Kc7 40.Rf2 Kd8 41.Bc2 Ke8 42.Bd1 Kd8  1/2-1/2

[Event "Grand Prix Open"]
[Site "Galatzi ROM"]
[Date "2007.05.11"]
[Round "4"]
[White "Grigore,Ge"]
[Black "Petkov,V"]
[Result "1/2-1/2"]
[WhiteElo "2517"]
[BlackElo "2456"]

1.d4 Nf6 2.c4 e6 3.Nc3 Bb4 4.Qc2 O-O 5.a3 Bxc3+ 6.Qxc3 d6 7.g3 Nc6 8.Bg2 a5
9.b3 e5 10.d5 Nd4 11.Nf3 Ne4 12.Qb2 Nc5 13.Nxd4 exd4 14.b4 axb4 15.axb4 Rxa1
16.Qxa1 Nb3 17.Qb2 Nxc1 18.Qxc1 Re8 19.Qd2 Qf6 20.O-O Bg4 21.f3 Bd7 22.Rd1 Ba4
23.Rc1 h5 24.Bf1 Re3 25.Ra1 b5 26.cxb5 Bxb5 27.Rd1 Qe7 28.Qxd4 Bxe2 29.Re1 Re5
30.f4 Re4 31.Rxe2 Rxe2 32.Bxe2 Qxe2 33.Qc3 Qd1+ 34.Kf2 Qxd5  1/2-1/2

[Event "25th Liechtenstein Open"]
[Site "Triesen LIE"]
[Date "2007.05.12"]
[Round "2"]
[White "Foisor,S"]
[Black "Kritz,L"]
[Result "1/2-1/2"]
[WhiteElo "2333"]
[BlackElo "2593"]

1.d4 Nf6 2.c4 e6 3.Nc3 Bb4 4.Qc2 O-O 5.Bg5 b6 6.e3 c5 7.Bd3 h6 8.Bh4 Bb7
9.Ne2 cxd4 10.exd4 Be7 11.O-O Nc6 12.a3 d5 13.Rad1 dxc4 14.Bxc4 Rc8 15.Ba2 Na5
16.Qd3 Qc7 17.Bb1 Qc4 18.Qh3 Qc7 19.Qd3 Qc4 20.Qh3 Qc7  1/2-1/2

[Event "FSIM May"]
[Site "Budapest HUN"]
[Date "2007.05.13"]
[Round "9"]
[White "Gauri,S"]
[Black "Sankalp,M"]
[Result "1-0"]
[WhiteElo "2131"]
[BlackElo "2164"]

1.d4 Nf6 2.c4 e6 3.Nc3 Bb4 4.Qc2 O-O 5.a3 Bxc3+ 6.Qxc3 Ne4 7.Qc2 f5 8.Nh3 h6
9.f3 Nf6 10.e3 d6 11.Bd3 Nc6 12.O-O Qe8 13.b4 g6 14.Bb2 Nd8 15.Rae1 Qf7 16.e4 d5
17.cxd5 exd5 18.exf5 Bxf5 19.Bxf5 gxf5 20.Qxf5 Nc6 21.Nf4 Rfe8 22.Nd3 Rxe1
23.Rxe1 Ne7 24.Qf4 Ng6 25.Qxh6 Qg7 26.Qxg7+ Kxg7 27.Nc5 b6 28.Ne6+ Kf7 29.Ng5+ Kg7
30.Rc1 Ne8 31.Ne6+ Kf7 32.Nxc7 Nxc7 33.Rxc7+ Kf6 34.g3  1-0

[Event "25th Liechtenstein Open"]
[Site "Triesen LIE"]
[Date "2007.05.13"]
[Round "3"]
[White "Bezler,R"]
[Black "Landenbergue,C"]
[Result "0-1"]
[WhiteElo "2216"]
[BlackElo "2435"]

1.d4 Nf6 2.c4 e6 3.Nc3 Bb4 4.Qc2 O-O 5.a3 Bxc3+ 6.Qxc3 b5 7.cxb5 c6 8.bxc6 Nxc6
9.b4 Bb7 10.f3 Rc8 11.Qd2 e5 12.dxe5 Nxe5 13.e3 Re8 14.Be2 Nd5 15.Qd4 Qg5
16.Kf2 Rc2 17.h4 Qf6 18.Ke1 Nc3 19.Bf1 Qg6 20.Rh3 Rxg2 21.h5 Qc2 22.Bd2 Rxg1
23.Qxc3 Qf5  0-1

[Event "25th Liechtenstein Open"]
[Site "Triesen LIE"]
[Date "2007.05.14"]
[Round "4"]
[White "Hort,V"]
[Black "Simon,Er"]
[Result "1-0"]
[WhiteElo "2494"]
[BlackElo "2125"]

1.d4 e6 2.c4 Nf6 3.Nc3 Bb4 4.Qc2 O-O 5.Nf3 b6 6.a3 Bxc3+ 7.Qxc3 Bb7 8.e3 d6
9.Be2 Nbd7 10.O-O Ne4 11.Qc2 f5 12.Ne1 Qe7 13.f3 Nef6 14.Bd3 c5 15.b3 Rac8
16.Bb2 cxd4 17.exd4 b5 18.Rc1 Rfe8 19.Rf2 Nf8 20.Qd1 bxc4 21.bxc4 Qd8 22.Bc3 Bc6
23.Rd2 Qd7 24.Qc2 Rb8 25.Qa2 Qc7 26.Qa1 Bd7 27.Rb2 Rxb2 28.Qxb2 Rb8 29.Qc2 Qd8
30.Bb4 Bc6 31.Qd2 Ng6 32.Nc2 Qd7 33.Ne3 Ne7 34.Re1 Rd8 35.Kh1 Rb8 36.h3 Rd8
37.Qc2 Ba4 38.Qf2 Bc6 39.Nc2 Re8 40.Qg3 Rd8 41.d5 exd5 42.Nd4 Re8 43.Qxd6 Qxd6
44.Bxd6 Nc8 45.Rxe8+ Bxe8 46.Nxf5 Nxd6 47.Nxd6 dxc4 48.Bxc4+ Kf8 49.Nxe8 Kxe8
50.Kg1 Ke7 51.Kf2 g5 52.g3 Nh5 53.Be2 Kf6 54.f4 Ng7 55.fxg5+ Kxg5 56.Kf3 h6
57.Bd3 Kf6 58.Ke4 Nh5 59.g4 Ng7 60.h4 Ne6 61.Bc4 Nf8 62.Kd5 Ng6 63.h5 Nf4+
64.Kc6 Kg5 65.Kb7 a5 66.a4 Kxg4 67.Kb6 Kxh5 68.Kxa5 Kg5 69.Kb6 Ng6 70.a5 Ne7
71.a6 Nc8+ 72.Kc7 Na7 73.Kb7  1-0

[Event "25th Liechtenstein Open"]
[Site "Triesen LIE"]
[Date "2007.05.15"]
[Round "5"]
[White "Ferk,M"]
[Black "Fraas,M"]
[Result "1/2-1/2"]
[WhiteElo "2007"]
[BlackElo "2164"]

1.d4 Nf6 2.c4 e6 3.Nc3 Bb4 4.Qc2 O-O 5.e3 b6 6.a3 Bxc3+ 7.Qxc3 Bb7 8.Nf3 d5
9.cxd5 exd5 10.Be2 Ne4 11.Qc2 c5 12.dxc5 bxc5 13.O-O Nc6 14.Rd1 Qe7 15.b3 Rfe8
16.Bb2 Rad8 17.Bd3 f5 18.Rac1 Rd6 19.Ne1 d4 20.Bxe4 fxe4 21.Qc4+ Kh8 22.Qxc5 d3
23.Rd2 Qd7 24.b4 Rd5 25.Qc4 Rh5 26.b5 Qd6 27.g3 Nd8 28.Qc7 Qh6 29.Qd7 Rg8
30.Rc7 Rd5 31.Qe7 Rxb5 32.Rd7 Nc6 33.Qxe4 Ba8 34.Qxd3 Rxb2 35.Rxb2 Ne5 36.Qd4 Qc6
37.e4 Nxd7 38.f3 Nb6 39.Rc2 Qe6 40.Rc7 Qg6 41.Rxa7  1/2-1/2

[Event "25th Liechtenstein Open"]
[Site "Triesen LIE"]
[Date "2007.05.16"]
[Round "6"]
[White "Vijayalakshmi,S"]
[Black "Rozentalis,E"]
[Result "1/2-1/2"]
[WhiteElo "2424"]
[BlackElo "2578"]

1.d4 Nf6 2.c4 e6 3.Nc3 Bb4 4.Qc2 O-O 5.a3 Bxc3+ 6.Qxc3 d6 7.Bg5 Nbd7 8.e3 b6
9.Ne2 Bb7 10.Qc2 c5 11.Rd1 Qc7 12.Nc3 cxd4 13.Rxd4 a6 14.Be2 h6 15.Bh4 d5
16.cxd5 Nxd5 17.Rc4 Qb8 18.Bg3 Qd8 19.O-O b5 20.Rd4 Rc8 21.Qd1 Qb6 22.Ne4 Ba8
23.Nd6 Rcd8 24.e4 N5f6 25.e5 Nd5 26.Qd2 f5 27.b4 f4 28.Rxf4 Nxf4 29.Bxf4 Bd5
30.Be3 Qb8 31.f4 Nb6 32.Qc3 Nc4 33.Bxc4 Bxc4 34.Rf3 Qa8 35.h3 Qd5 36.Kh2 Rd7
37.Qe1 Bd3 38.Bc5 Bh7 39.Qh4 Qd2 40.Be3 Qc2 41.Rg3 Kh8 42.Bc5 Qc1 43.Rf3 Kg8
44.Qg4 Bf5 45.Qh5 Kh7 46.Nxb5 Rd1 47.Bxf8 Rh1+ 48.Kg3 Bg6 49.Qh4 Qe1+ 50.Rf2 Qe3+
51.Rf3 Qe1+  1/2-1/2

[Event "50th TCh-SRB Cup"]
[Site "Mataruska Banja SRB"]
[Date "2007.05.21"]
[Round "1"]
[White "Sandic,V"]
[Black "Perunovic,Mil"]
[Result "1/2-1/2"]
[WhiteElo "2326"]
[BlackElo "2562"]

1.d4 Nf6 2.c4 e6 3.Nc3 Bb4 4.Qc2 O-O 5.a3 Bxc3+ 6.Qxc3 b6 7.Bg5 Bb7 8.e3 d6
9.Nf3 Nbd7 10.Be2 c5 11.dxc5 bxc5 12.Bxf6 Nxf6 13.O-O a5 14.b4 Ne4 15.Qb2 Qf6
16.Qxf6 gxf6 17.b5 Nc3 18.Bd3 Na4 19.Rfd1 Rfd8 20.Rd2 Kf8 21.Rc1 Ke7 22.Kf1 f5
23.Be2 d5 24.Bd1 Nb6 25.cxd5 Bxd5 26.Rxc5 Rac8 27.Rxc8 Rxc8 28.Rc2 Rxc2 29.Bxc2 Bc4+
30.Ke1 Bxb5 31.Nd4 Bd7 32.Bd3 Kd6 33.Kd2 h6 34.Nb3 a4  1/2-1/2

[Event "16th TCh-CRO"]
[Site "Sibenik CRO"]
[Date "2007.05.21"]
[Round "5"]
[White "Medic,Mir"]
[Black "Nikolac,J"]
[Result "1-0"]
[WhiteElo "2265"]
[BlackElo "2415"]

1.d4 Nf6 2.c4 e6 3.Nc3 Bb4 4.Qc2 O-O 5.a3 Bxc3+ 6.Qxc3 b6 7.Bg5 Bb7 8.f3 h6
9.Bh4 d5 10.e3 Nbd7 11.cxd5 exd5 12.Bd3 Re8 13.Ne2 c5 14.Bf2 Rc8 15.Qd2 Nf8
16.O-O Ne6 17.Ng3 g6 18.Rad1 Kg7 19.Ne2 Bc6 20.Bg3 Nh5 21.Bf2 Qd7 22.g4 Nf6
23.Bg3 cxd4 24.exd4 Ng8 25.h4 Bb5 26.Rc1 Bxd3 27.Qxd3 Ne7 28.b3 Rc6 29.Rxc6 Nxc6
30.Rc1 Rc8 31.Rc3 Kh7 32.b4 Ne7 33.Rxc8 Qxc8 34.Bd6 Qd7 35.Be5 Qc6 36.b5 Qd7
37.a4 Qc8 38.Kf2 Qd7 39.Qa3 Nc8 40.Qc3 Qd8 41.Kg3 Nd6 42.Qc6 Nc4 43.f4 Qe7
44.Qxd5 Qa3+ 45.Qf3 Ne3 46.Kh2 Qd3 47.f5 gxf5 48.gxf5 Ng7 49.Ng3 Qc2+ 50.Qe2 Qxe2+
51.Nxe2 Ngxf5 52.h5 Ng4+ 53.Kh3 Nxe5 54.dxe5 Kg7 55.Kg4 Ne3+ 56.Kf4 Nd5+
57.Ke4 Nc7 58.Nd4 a6 59.a5 axb5 60.axb6 Na6 61.Nxb5 Kf8 62.Kd5 Ke7 63.Nd4 Nb4+
64.Ke4 Kd7 65.Nf5  1-0

[Event "50th TCh-SRB Cup"]
[Site "Mataruska Banja SRB"]
[Date "2007.05.23"]
[Round "3"]
[White "Saric,S"]
[Black "Pikula,D"]
[Result "1/2-1/2"]
[WhiteElo "2330"]
[BlackElo "2512"]

1.d4 Nf6 2.c4 e6 3.Nc3 Bb4 4.Qc2 O-O 5.e4 d5 6.e5 Ne4 7.Bd3 c5 8.Ne2 cxd4
9.Nxd4 Nd7 10.Bf4 Ndc5 11.O-O Bxc3 12.bxc3 Nxd3 13.Qxd3 b6 14.cxd5 Qxd5 15.c4 Nc5
16.Qg3 Qe4 17.Rfd1 Ba6 18.f3 Qg6 19.Nb5 Bxb5 20.cxb5 a6 21.bxa6 Rxa6 22.Qxg6 hxg6
23.Be3 Rfa8 24.Bxc5 bxc5 25.Rdc1 Rxa2 26.Rxa2 Rxa2 27.Rxc5 g5 28.Kf1 Kh7
29.Rc4 Kg6 30.Re4 Kf5  1/2-1/2

[Event "Aldo Perini Mem"]
[Site "Senigallia ITA"]
[Date "2007.05.31"]
[Round "5"]
[White "De Santis,A"]
[Black "Skembris,S"]
[Result "1-0"]
[WhiteElo "2321"]
[BlackElo "2460"]

1.d4 Nf6 2.c4 e6 3.Nc3 Bb4 4.Qc2 O-O 5.a3 Bxc3+ 6.Qxc3 b6 7.Bg5 Bb7 8.h4 d6
9.f3 Nbd7 10.e4 e5 11.d5 Rc8 12.b4 c6 13.Qd2 h6 14.Be3 Nh5 15.Ne2 cxd5 16.cxd5 Ba6
17.Rh3 Qf6 18.Ng3 Nxg3 19.Bxa6 Nh5 20.Bxc8 Rxc8 21.Rc1 Rxc1+ 22.Qxc1 Nf4
23.Qc8+ Nf8 24.Rh2 a5 25.bxa5 bxa5 26.Kd2 Qe7 27.h5 Qg5 28.g4 Qf6 29.Qe8 g6
30.hxg6 Nxg6 31.Rh5 Qxf3 32.Rf5 Qxe4 33.Qxf7+ Kh8 34.Qf6+ Kg8 35.Qf7+ Kh8
36.Bxh6 Qd4+ 37.Ke1 Qe4+ 38.Kf2 Qd4+ 39.Kf1 Qd1+ 40.Kf2 Qd4+ 41.Be3 Qxg4
42.Qf6+ Kg8 43.Qf7+ Kh8 44.Rg5 Qh4+ 45.Rg3 Qh2+ 46.Rg2 Qh4+ 47.Kf1 Qh1+ 48.Bg1 Qh3
49.Be3 Qh1+ 50.Kf2 Qh4+ 51.Ke2 Qc4+ 52.Ke1 Qh4+ 53.Kd2 Qh1 54.Qf6+ Kh7 55.Qf7+ Kh8
56.Rf2 a4 57.Bg5 Nh7 58.Qe8+ Ngf8 59.Rxf8+ Nxf8 60.Qxf8+  1-0

[Event "8th United Insurance"]
[Site "Dhaka BAN"]
[Date "2007.06.01"]
[Round "7"]
[White "Nguyen Anh Dung"]
[Black "Ghaem Maghami,E"]
[Result "1/2-1/2"]
[WhiteElo "2528"]
[BlackElo "2599"]

1.d4 Nf6 2.c4 e6 3.Nc3 Bb4 4.Qc2 O-O 5.a3 Bxc3+ 6.Qxc3 b6 7.Bg5 Bb7 8.Nf3 d6
9.Nd2 Nbd7 10.e3 c5 11.dxc5 bxc5 12.f3 Qb6 13.Be2 a5 14.O-O d5  1/2-1/2

[Event "29th Mem Nezhmetdinov"]
[Site "Kazan RUS"]
[Date "2007.06.01"]
[Round "1"]
[White "Rychagov,A"]
[Black "Iliushkin,E"]
[Result "1/2-1/2"]
[WhiteElo "2571"]
[BlackElo "2292"]

1.d4 Nf6 2.c4 e6 3.Nc3 Bb4 4.Qc2 O-O 5.a3 Bxc3+ 6.Qxc3 b6 7.Bg5 Bb7 8.e3 d6
9.f3 Nbd7 10.Nh3 e5 11.dxe5 dxe5 12.Rd1 Qe7 13.Be2 a5 14.Nf2 Qe6 15.e4 a4
16.O-O Rfc8 17.Nd3 c5 18.Ne1 Nb8 19.Nc2  1/2-1/2

[Event "35th World Open"]
[Site "King of Prussia USA"]
[Date "2007.06.01"]
[Round "3"]
[White "Gagunashvili,M"]
[Black "Critelli,J"]
[Result "1/2-1/2"]
[WhiteElo "2625"]
[BlackElo "2264"]

1.d4 Nf6 2.c4 e6 3.Nc3 Bb4 4.Qc2 O-O 5.Bg5 d6 6.e3 b6 7.Bd3 h6 8.Bh4 Bb7
9.f3 c5 10.Ne2 cxd4 11.exd4 d5 12.cxd5 Bxd5 13.O-O Bc6 14.Be4 Be7 15.Bxf6 Bxf6
16.Rad1 Qc8 17.d5 exd5 18.Nxd5 Bxd5 19.Qxc8 Rxc8 20.Bxd5 Nc6 21.Rc1 Nd4 22.Rce1  1/2-1/2

[Event "29th Mem Nezhmetdinov"]
[Site "Kazan RUS"]
[Date "2007.06.02"]
[Round "2"]
[White "Bocharov,D"]
[Black "Andreev,Ed UKR"]
[Result "1/2-1/2"]
[WhiteElo "2614"]
[BlackElo "2433"]

1.d4 Nf6 2.c4 e6 3.Nc3 Bb4 4.Qc2 O-O 5.a3 Bxc3+ 6.Qxc3 b6 7.Nf3 d6 8.g3 Bb7
9.Bg2 Nbd7 10.O-O a5 11.b3 Qe7 12.Bb2 Rfe8 13.Rfe1 h6 14.Rad1 Be4 15.Nh4 d5
16.f3 Bh7 17.e4 g5 18.exd5 gxh4 19.f4 Rad8 20.c5 h3 21.Bf3 Nxd5 22.Bxd5 exd5
23.Rxe7 Rxe7 24.Re1 Rde8 25.Rxe7 Rxe7 26.cxb6 cxb6 27.Qc7 Re2 28.Qxd7 Rg2+
29.Kf1 Bd3+ 30.Ke1 Rxh2 31.Qe8+ Kg7 32.Qe5+ Kg8 33.Qe8+ Kg7 34.Qe5+ Kg8  1/2-1/2

[Event "29th Mem Nezhmetdinov"]
[Site "Kazan RUS"]
[Date "2007.06.04"]
[Round "4"]
[White "Kamov,I"]
[Black "Sadykov,Air"]
[Result "1/2-1/2"]
[WhiteElo "2243"]
[BlackElo "2108"]

1.d4 Nf6 2.c4 e6 3.Nc3 Bb4 4.Qc2 O-O 5.Bg5 h6 6.Bh4 d6 7.a3 Bxc3+ 8.Qxc3 Nbd7
9.e3 c5 10.Bd3 b6 11.Ne2 Bb7 12.O-O Qc7 13.f3 Rfe8 14.Rac1 Rac8 15.Bb1 e5
16.d5 a6 17.Bf5 Rb8 18.e4 b5 19.b4 g6 20.Bh3 Bc8 21.cxb5 Rxb5 22.a4 Rb8 23.bxc5 Qxc5+
24.Qxc5 dxc5 25.Bxf6 Nxf6 26.Rxc5 Bxh3 27.gxh3 Rb2 28.Nc3 Reb8 29.Rf2 R2b3
30.Rd2 Kf8 31.d6 Nd7 32.Rc7 Ke8 33.Kf2 Ra3 34.Nd5 Rxa4 35.Rdc2 f5 36.Rc8+ Rxc8
37.Rxc8+ Kf7 38.Rh8 Ra2+ 39.Kg1 Ke6 40.Rxh6 fxe4 41.fxe4 Kxd6 42.Rxg6+ Kc5
43.h4 Re2 44.Rxa6 Rxe4 45.Ra5+ Kd6 46.h5 Rh4 47.h6 Nc5 48.Ne3 Rh5 49.Ra8 Ne6
50.Ra6+ Kd7 51.Ra5 Rxh6 52.Rd5+ Kc6 53.Rxe5 Nf4 54.Re4 Nd3 55.h4 Nc5 56.Rg4 Kd7
57.Kh2 Ne6 58.Ra4 Rh5 59.Kg3 Re5 60.Ng4 Rb5 61.h5 Ke7 62.Ra7+ Kf8 63.Kh4 Ng7
64.h6 Nf5+ 65.Kg5 Ne7+ 66.Kf6 Ng8+ 67.Kg6 Rb6+ 68.Kh5 Rb5+ 69.Kh4 Nxh6 70.Nxh6 Rc5
71.Kg4 Ke8 72.Nf5 Kd8 73.Kf4 Rc7 74.Ra6 Rc5 75.Ke4 Kc7 76.Nd4 Rh5 77.Nf5 Kd7
78.Ke5 Rh1 79.Ke4 Rd1 80.Nd4 Ke7 81.Ra3  1/2-1/2

[Event "2nd Maia Chiburdanidze Cup"]
[Site "Tbilisi GEO"]
[Date "2007.06.09"]
[Round "4"]
[White "Chigladze,I"]
[Black "Jobava,Be"]
[Result "1/2-1/2"]
[WhiteElo "2346"]
[BlackElo "2442"]

1.d4 Nf6 2.c4 e6 3.Nc3 Bb4 4.Qc2 O-O 5.a3 Bxc3+ 6.Qxc3 b6 7.Bg5 Bb7 8.f3 h6
9.Bh4 d5 10.e3 Nbd7 11.Nh3 c5 12.cxd5 cxd4 13.Qxd4 e5 14.Qd1 Bxd5 15.Nf2 Be6
16.Bb5 Nc5 17.Qe2 a6 18.Bc4 Bxc4 19.Qxc4 Qd5 20.Qe2 Qe6 21.b4 Ncd7 22.e4 Rfc8
23.O-O Rc3 24.Nd1 Rb3 25.Ne3 a5 26.Qd2 axb4 27.axb4 Rba3 28.Rxa3  1/2-1/2

[Event "1st Alushta Summer"]
[Site "Alushta UKR"]
[Date "2007.06.10"]
[Round "11"]
[White "Mankeyev,Raua"]
[Black "Lazarov,A RUS"]
[Result "1-0"]
[WhiteElo "2402"]
[BlackElo "2345"]

1.d4 Nf6 2.c4 e6 3.Nc3 Bb4 4.Qc2 O-O 5.a3 Bxc3+ 6.Qxc3 b6 7.Bg5 Bb7 8.f3 d6
9.e4 h6 10.Be3 c5 11.Rd1 Qe7 12.Ne2 Nbd7 13.Ng3 Rac8 14.d5 Rfe8 15.Kf2 Ne5
16.Be2 exd5 17.cxd5 Qd7 18.h3 Ng6 19.Bxh6 gxh6 20.Qxf6 Qe7 21.Nh5 Qe5 22.f4 Qxf6
23.Nxf6+ Kg7 24.Nxe8+ Rxe8 25.f5 Nf8 26.Bf3 Kf6 27.Ke3 Ke5 28.Bh5 Kf6 29.Kf4 Nd7
30.h4 Kg7 31.Bf3 Ne5 32.g4 f6 33.Be2 Nf7 34.b4 cxb4 35.axb4 a5 36.bxa5 bxa5
37.Bb5 Ra8 38.Rc1 Rb8 39.Rb1 Ra8 40.Rhc1 a4 41.Rc7  1-0

[Event "7th ch-Euro Senior"]
[Site "Hockenheim GER"]
[Date "2007.06.10"]
[Round "9"]
[White "Ivanets,V RUS"]
[Black "Fradkin,B"]
[Result "1/2-1/2"]
[WhiteElo "2261"]
[BlackElo "2465"]

1.d4 Nf6 2.c4 e6 3.Nc3 Bb4 4.Qc2 O-O 5.a3 Bxc3+ 6.Qxc3 b6 7.Nf3 Bb7 8.g3 a5
9.b3 d6 10.Bg2 Nbd7 11.O-O Be4 12.Bb2 c6 13.b4 b5 14.cxb5 cxb5 15.bxa5 Qxa5
16.Qxa5 Rxa5 17.Rfc1 Nb6 18.Nd2 Bxg2 19.Kxg2 Na4 20.Bc3 Nxc3 21.Rxc3 Ra4
22.Rb3 Rxd4 23.Nf3 Ra4 24.Rxb5 Rfa8 25.Nd2 h6 26.Rb3 d5 27.e3 g5 28.h3 h5
29.Nf3 g4 30.hxg4 hxg4 31.Ne5 Re4 32.Nc6 Rc4 33.Ne5 Re4 34.Nc6 Rc4  1/2-1/2

[Event "XXV Open"]
[Site "Novi Becej SRB"]
[Date "2007.06.12"]
[Round "4"]
[White "Jevtic,Mir"]
[Black "Nestorovic,De"]
[Result "0-1"]
[WhiteElo "2132"]
[BlackElo "2384"]

1.d4 Nf6 2.c4 e6 3.Nc3 Bb4 4.Qc2 O-O 5.a3 Bxc3+ 6.bxc3 d6 7.Nf3 Qe7 8.Bg5 e5
9.e4 exd4 10.Bxf6 Qxf6 11.Nxd4 Re8 12.Bd3 c5 13.Ne2 Nc6 14.f4 Qh4+ 15.g3 Qh3
16.Kf2 b6 17.Ng1 Qh6 18.Nf3 Bb7 19.h4 Re7 20.h5 Rae8 21.Nh4 Bc8 22.Rae1 Qf6
23.Nf3 h6 24.Rh4 Nd8 25.f5 Nc6 26.Rg4 Ne5 27.Nxe5 Rxe5 28.Kg2 Rxf5 29.exf5 Rxe1
30.Be4 Qe5 31.Qd3 Rc1 32.Rf4 Rxc3 33.Qf1 Ba6 34.Bd3 Bb7+ 35.Kf2 Rxa3 36.f6 Ra2+
37.Be2 Qxh5 38.Ke3 Qe5+ 39.Kd3 Ra3+  0-1

[Event "2nd Maia Chiburdanidze Cup"]
[Site "Tbilisi GEO"]
[Date "2007.06.12"]
[Round "7"]
[White "Chigladze,I"]
[Black "Kuparadze,G"]
[Result "1-0"]
[WhiteElo "2346"]
[BlackElo "2399"]

1.d4 Nf6 2.c4 e6 3.Nc3 Bb4 4.Qc2 O-O 5.a3 Bxc3+ 6.Qxc3 b6 7.Bg5 Bb7 8.f3 d6
9.e4 c5 10.dxc5 bxc5 11.O-O-O Nc6 12.Bxf6 gxf6 13.Ne2 Qe7 14.g4 Kh8 15.Rg1 e5
16.Qd2 Nd4 17.Nxd4 cxd4 18.Bd3 Rg8 19.b4 Bc8 20.Kb2 Be6 21.Rc1 Rac8 22.h3 Rc6
23.Rc2 Rgc8 24.Rgc1 Rb8 25.f4 Bd7 26.f5 Rcc8 27.Ka2 Ba4 28.Rb2 Kg7 29.h4 Bc6
30.g5 Kh8 31.gxf6 Qxf6 32.Qg5 Qxg5 33.hxg5 Rg8 34.Rg1 f6 35.g6 h6 36.b5 Ba8
37.Kb3 Kg7 38.Kb4 Rbc8 39.Ka5 Bb7 40.Rb4 Rc5 41.Ra4 Rb8 42.Kb4 Ra8 43.Ra5 Rcc8
44.Rg2 Rc5 45.Rb2 Kg8 46.Ra4 Kf8 47.Kb3 Kg8 48.Rb4 Kg7 49.a4 Rh8 50.a5 Rb8
51.Rd2 Ba8 52.a6 Rb6 53.Ka4 Rb8 54.Rh2 Rc7 55.Rbb2 Rc5 56.Rhc2 Kg8 57.Ka3 Kg7
58.Ka2 Rb6 59.Kb1 Rb8 60.Kc1 Rb6 61.Kd2 Rb8 62.Ke2 Kg8 63.Kf3 Kg7 64.Rh2 Rh8
65.b6 axb6 66.Rxb6 Rd8 67.a7 Rc7 68.Rb8 Rg8 69.Rxh6 Kxh6 70.Rxg8 Rxa7 71.Rh8+ Kg5
72.Rh7 Ra3 73.g7 Rxd3+ 74.Ke2  1-0

[Event "Atlantis Meestertienkamp"]
[Site "Groningen NED"]
[Date "2007.06.16"]
[Round "9"]
[White "Clemens,A"]
[Black "Monroy,C"]
[Result "1-0"]
[WhiteElo "2327"]
[BlackElo "2407"]

1.d4 Nf6 2.c4 e6 3.Nc3 Bb4 4.Qc2 O-O 5.a3 Bxc3+ 6.Qxc3 Qe8 7.f3 d6 8.Bg5 Nbd7
9.e4 e5 10.d5 Nh5 11.g4 Nf4 12.Ne2 Nxe2 13.Bxe2 a5 14.b4 b6 15.h4 Bb7 16.h5 axb4
17.axb4 Rxa1+ 18.Qxa1 Qa8 19.Kd2 f6 20.Be3 Qxa1 21.Rxa1 Kf7 22.Ra7 Rb8 23.Bd1 Ke7
24.Kc3 c5 25.dxc6 Bxc6 26.Rc7 Bb7 27.Ba4 Bc8 28.Bc6 g6 29.Ra7 gxh5 30.gxh5 Ke6
31.Kb3 Ke7 32.Ka4 Ke6 33.Kb5 Ke7 34.Ra8 Rxa8 35.Bxa8 f5 36.Bg5+ Nf6 37.Bd5 f4
38.Kxb6  1-0

[Event "11th Master Open"]
[Site "Voronezh RUS"]
[Date "2007.06.19"]
[Round "7"]
[White "Bocharov,D"]
[Black "Obukhov,A"]
[Result "1-0"]
[WhiteElo "2614"]
[BlackElo "2446"]

1.d4 Nf6 2.c4 e6 3.Nc3 Bb4 4.Qc2 O-O 5.a3 Bxc3+ 6.Qxc3 Ne4 7.Qc2 f5 8.e3 b6
9.Bd3 Bb7 10.Ne2 c5 11.O-O Nc6 12.f3 Nd6 13.Bd2 a5 14.Bc3 Qg5 15.Qd2 a4 16.dxc5 bxc5
17.Rad1 Rfd8 18.Rfe1  1-0

[Event "Spring A"]
[Site "Volodarskij RUS"]
[Date "2007.06.28"]
[Round "2"]
[White "Korjakin,B"]
[Black "Nikolenko,S"]
[Result "0-1"]
[WhiteElo "2274"]
[BlackElo "2349"]

1.d4 Nf6 2.c4 e6 3.Nc3 Bb4 4.Qc2 O-O 5.a3 Bxc3+ 6.Qxc3 b6 7.Bg5 Bb7 8.f3 d5
9.e3 Re8 10.Nh3 h6 11.Bh4 c5 12.cxd5 exd5 13.dxc5 d4 14.Qc2 Rxe3+ 15.Kf2 Ng4+
16.fxg4 Qxh4+ 17.Kg1 Nc6 18.cxb6 Rae8 19.Nf2 axb6 20.Rd1 Ne5 21.Rxd4 Re1
22.Qd2 Nxg4 23.Rxg4 Ba6  0-1

[Event "King's Gambit A"]
[Site "Lipetsk RUS"]
[Date "2007.06.30"]
[Round "11"]
[White "Zontakh,A"]
[Black "Zubarev,Al1"]
[Result "1/2-1/2"]
[WhiteElo "2549"]
[BlackElo "2511"]

1.d4 Nf6 2.c4 e6 3.Nc3 Bb4 4.Qc2 O-O 5.a3 Bxc3+ 6.Qxc3 b6 7.Bg5 Bb7 8.e3 c5
9.dxc5 bxc5 10.Nh3 d6 11.Bxf6 Qxf6 12.Qxf6 gxf6 13.Nf4 Rd8 14.O-O-O Kf8 15.Be2 Ke7
16.f3  1/2-1/2